000 00214nam a22000977a 4500
003 OSt
008 210119b ||||| |||| 00| 0 eng d
100 _aMenon, K. P. S
_94802
245 _aThe flying troika
942 _cBK
999 _c16747
_d16747